Zdravie ako sociálno-ekonomická potreba a jej teoretické problémy kandidátska dizertačná práca

Salvato in:
Dettagli Bibliografici
Autore principale: Stankovič, Jaroslav
Ente Autore: Vysoká škola ekonomická v Bratislave. Národohospodárska fakulta
Natura: Libro
Lingua:slovacco
Pubblicazione: Bratislava 1983
Tags: Aggiungi Tag
Nessun Tag, puoi essere il primo ad aggiungerne!!

MARC

LEADER 00000nam a2200000 4500
001 c040274
005 20221220090006.3
041 0 |a slo 
044 |a SK 
245 1 0 |a Zdravie ako sociálno-ekonomická potreba a jej teoretické problémy  |b kandidátska dizertačná práca  |c Jaroslav Stankovič 
264 1 |a Bratislava  |c 1983 
300 |a 185 s. 
100 1 |a Stankovič, Jaroslav 
710 2 |a Vysoká škola ekonomická v Bratislave. Národohospodárska fakulta